000 02191nam a22003497a 4500
999 _c21858
_d21858
003 AR-CdUCM
008 190425b ||||| |||| 00| 0 spa d
040 _aMUNICIPALIDAD PROVINCIAL DEL CUSCO
_cBIBLIOTECA MUNICIPAL DEL CUSCO
082 _aRev.Andi/N°46/2008
110 _aCentro Bartolomé de Las Casas
_93293
245 _aRevista andina /
_cCentro de estudios rurales andinos Bartolomé de Las Casas Cusco
260 _aCusco :
_bCentro Bartolomé de Las Casas,
_c2008.
300 _a223 páginas. :
_c23 cm.
440 _aPublicación Semestral del Centro Bartolomé de Las Casas Cusco.
_nNúmero 46, Primer semestre 2008.
_946506
500 _aEsbozo general para el estudio de las literaturas peruanas
505 _aContenido: Esbozo general para el estudio de la tradición histórica de las literaturas peruanas. Enrique Ballón Aguirre. -- Continuidad y cambio: la institución del cacicazgo y la problemática ciudadana en Tarapacá (norte de Chile), desde el período Tardío Colonial hasta 1837. Carolina Figueroa Cerna. -- Mapa etnolingüístico de los quechua-hablantes bolivianos en Buenos Aires: sincretismo y limininaridad. Patricia Dreidemie. -- El término “aríbalo” en la arqueología andina. Duccio Bonavia. -- Algunos elementos acerca de la cuestión de las semillas de papa en Bolivia. -- Margot Jobbé Duval. -- Betanzos y los quipucamayos en la época de Vaca de Castro (Cuzco, 1543). Nicanor Domínguez Faura. -- Delineando a las “segundas personas”: autoridades étnicas desdibujadas en Charcas colonial. Un estudio de caso. María Carolina Jurado.
650 _aLiteratura peruana
_946507
650 _aCacicazgos
_918205
650 _aEtnolingüística quechua
_946508
650 _aArqueología andina
_934565
650 _aJuan de Betanzos
_96773
650 _aElites indígenas
_946509
700 _aBallón Aguirre, Enrique
_91189
700 _aFigueroa Cerna, Carolina
_946510
700 _aDreidemie, Patricia
_946511
700 _aBonavia, Duccio
_946512
700 _aJobbé Duval, Margot
_946513
700 _aDomínguez Faura, Nicanor
_946394
700 _aJurado, María Carolina
_946514
942 _2ddc
_cPP
945 _arac